Регионална библиотека "Любен Каравелов" - Русе

Смокинг [видео DVD] (Запис номер 220977)

MARC детайли
000 -Лидер
Контролно поле с фиксирана дължина 00763njm a2200277 c 4500
003 - Код на организацията, давaща контролен номер
Контролно поле BLK
005 - Дата и час на последна редакция
Контролно поле 20240531085955.0
008 - Елементи от данни с фиксирана дължина
fixed length control field 180410b bul||n||s|||||||| n|bulo|
010 ## - Наследен системен номер
LC control number CDD00003463000
040 ## - Източник на каталожния запис
Идентификатор на билиотеката - собственик на записа BLK
041 ## - Код за език
Код за езика на текст/звукозапис или на отделно заглавие Български
Код за езика КДБФ Български
080 ## - УДК
Текстов определител УДК Комедии
УДК код - определител по УДК 791.221.2
УДК - код + определител 791.221.2
139 ## - Редно поле
Редна дума Смокинг [видео DVD]
Авторски знак Сми - С 47
245 10 - Сведения за заглавието
Заглавие Смокинг [видео DVD]
257 ## - Страна на издаване
Страна на създаване/издаване България
260 ## - Област на издателските данни
Име на издателя, разпространителя и проч. Александра видео
Година на издаване 2003
300 ## - Физическа характеристика
Страници 200 min
Илюстрации и др. цв.
Размери/Мащаб 12 см
380 ## - Жанр
Жанр Изкуство
590 ## - Забележки на библиотеката, притежаваща документа (RLIN)
Служебно S.N: 89831 от КНИГИ
852 ## - Местоположение
Форматна сигнатура Цб CD 4958
Част 0
856 4# - Електронен адрес и достъп
Електронен формат pdf - файл
Път до файла /url/
856 4# - Електронен адрес и достъп
Електронен формат pdf - файл
Път до файла /url/
942 ## - АРТИКУЛИ
Вид на библиотечния материал Компактдискове
Скрит в OPAC Не
Периодичен библиозапис Да
944 ## - СЪЗДАВАНЕ И РЕДАКЦИЯ на ЗАПИСА
Създаване/Редакция Създаване
Дата на регистрацията/редакция 10.06.2009
Служител, извършил регистрацията/редакцията 30552
Статус, дата на статуса Виолета Тройчева
944 ## - СЪЗДАВАНЕ И РЕДАКЦИЯ на ЗАПИСА
Създаване/Редакция Редакция
Дата на регистрацията/редакция 10.06.2009
999 ## - СИСТЕМНИ КОНТРОЛНИ НОМЕРА
Koha biblionumber 220977
Koha biblioitemnumber 220977
Наличности
Код за отписване Код за изгубен артикул Източник на класификационната схема Код за повреда Коз за рестрикции Код за отдаване Артикулен № Име на библиотеката - собственик Име на библиотеката, в която се намира в момента Статус (Текущо местоположение) Дата на вписване в системата Местоположение - отдел Цена в лева Инвентарен номер Систематично азбучна сигнатура Баркод Номер на екземпляра Цена в евро Служебна бележка Служебен тип на артикула
  Не е изгубен Universal Decimal Classification Не е повреден без рестрикции заемане за дома 392844 Регионална библиотека "Любен Каравелов" Русе Регионална библиотека "Любен Каравелов" Русе Отдел Изкуство - подръчен фонд 2009-06-10 Отдел Изкуство - подръчен фонд 3.90 250000003749 791.221.2/C 47 250000003749 1 1.99 Дост: Pk Вид: Ф N: 18454 Дата: 05.06.2009 Съставил: Валя_Йорданова Компактдискове
Vip Innovations Ltd, Rousse, Bulgaria 2025